Architects of the web : 1000 days that built the future of business
Đã lưu trong:
| Tác giả chính: | |
|---|---|
| Định dạng: | Sách |
| Ngôn ngữ: | Undetermined |
| Được phát hành: |
New York
John Wiley & Sons, Inc
1997
|
| Những chủ đề: | |
| Các nhãn: |
Thêm thẻ
Không có thẻ, Là người đầu tiên thẻ bản ghi này!
|
| Thư viện lưu trữ: | Trung tâm Học liệu Trường Đại học Cần Thơ |
|---|
| LEADER | 00596nam a2200217Ia 4500 | ||
|---|---|---|---|
| 001 | CTU_83004 | ||
| 008 | 210402s9999 xx 000 0 und d | ||
| 082 | |a 025.04 | ||
| 082 | |b R353 | ||
| 100 | |a Reid, Robert H. | ||
| 245 | 0 | |a Architects of the web : | |
| 245 | 0 | |b 1000 days that built the future of business | |
| 245 | 0 | |c Robert H. Reid | |
| 260 | |a New York | ||
| 260 | |b John Wiley & Sons, Inc | ||
| 260 | |c 1997 | ||
| 650 | |a Computer software | ||
| 650 | |x Industry | ||
| 650 | |z United States | ||
| 904 | |i Qhieu(sửa) | ||
| 980 | |a Trung tâm Học liệu Trường Đại học Cần Thơ | ||